000 00524nam a2200193 4500
999 _c12897
_d12897
003 PK-NaQUE
005 20260326110742.0
008 260326b ||||| |||| 00| 0 eng d
020 _a0810400456
020 _a978-0810400450
040 _cQUEST
082 _a621.381WIL
100 _aValkenburgh, Van
245 _aBasic Electronics: vol 5
260 _aLahore:
_bSarhat Printing,
_c1979.
650 _aBasic Electronics
856 _uhttp://10.10.170.122:8080/browse/book/29410
_yDownload eBook
942 _cBK
_2ddc